| 000 | 00587nam a2200205 a 4500 | ||
|---|---|---|---|
| 005 | 20240419063905.0 | ||
| 008 | 040204s1999 mx r 000 0 spa d | ||
| 020 | _a8476353898 | ||
| 035 | _aUPN01000131716 | ||
| 049 | _aCG | ||
| 050 | 4 |
_aQA276 _bE8.7 |
|
| 100 | 1 | _aEtxeberria, Juan | |
| 245 | 1 | 0 |
_aRegresión múltiple / _cJuan Etxeberria. |
| 260 |
_aMadrid : _bLa Muralla : _bHespérides, _c1999. |
||
| 300 | _a155 p. | ||
| 440 | 0 |
_aCuadernos de estadística ; _v4 |
|
| 650 | 4 |
_aEstadística _xEstudio y enseñanza _99192 |
|
| 650 | 4 |
_aANALISIS POR REGRESION _9553 |
|
| 905 | _aLibro | ||
| 999 |
_c103871 _d103871 |
||